000 00285nam a22001337a 4500
008 171018b xxu||||| |||| 00| 0 eng d
020 _a9780073267210
041 _aeng
080 _a338
100 _a53
101 _aMNG
245 _aSTRATEGIC MANAGEMENT
_cDESS
942 _2udc
_cBK
999 _c34545
_d34545